[Event "ICA Players Memorial"]
[Site "Boise, ID"]
[Date "2014.08.23"]
[Round "3.6"]
[White "Lang, Jamie"]
[Black "Sanderson, Kenneth"]
[Result "1/2-1/2"]
[WhiteElo "1474"]
[BlackElo "1580"]
[EventRounds "5"]
[EventCountry "USA"]

1. e4 c5 2. Nf3 d6 3. d4 cxd4 4. Nxd4 Nf6 5. Nc3 a6 6. Be2 e5 7. Nf3 Nc6 8.
Bg5 Be6 9. Nd5 Bxd5 10. exd5 Qa5+ 11. Qd2 Qxd2+ 12. Bxd2 Nxd5 13. Bc4 Nb6 14.
Bb3 h6 15. Be3 Nd7 16. O-O-O Nf6 17. Bb6 Be7 18. Bc7 Kd7 19. Bb6 Bd8 20. Bc5
Bc7 21. Bxf7 Rhf8 22. Bg6 Ke6 23. Ba3 Ng4 24. Rhf1 Rad8 25. h3 Nf6 26. Rd2 Bb6
27. Rfd1 Bc5 28. Bxc5 dxc5 29. Rxd8 Rxd8 30. Rxd8 Nxd8 31. Nh4 Kd5 32. Nf5 Nc6
33. Nxg7 Ne7 34. Bf7+ Kd6 35. Ne8+ Nxe8 36. Bxe8 Nf5 37. Bg6 Ne7 38. Be4 b6
39. Kd2 Ng8 40. Kd3 Nf6 41. g4 Ke6 42. Bf5+ Kf7 43. c4 Ke7 44. f3 Kf7 45. Kc3
Ke7 46. b4 Ne8 47. bxc5 bxc5 48. Be4 Nd6 49. Bd5 Kf6 50. a4 Kg5 51. a5 Kh4 52.
Kd3 Kxh3 53. Ke2 Kg3 54. Ke3 Kh4 55. Ke2 Kg5 56. Ke3 Kf6 57. Kd3 {#d} 1/2-1/2

[Event "BCC #4"]
[Site "Boise, ID"]
[Date "2014.09.06"]
[Round "2.4"]
[White "Batten, Jesse"]
[Black "Lang, Jamie"]
[Result "0-1"]
[WhiteElo "1136"]
[BlackElo "1446"]
[EventRounds "4"]
[EventCountry "USA"]

1. e4 e5 2. Nf3 Nc6 3. Bb5 a6 4. Ba4 Nf6 5. d3 b5 6. Bb3 d5 7. exd5 Nxd5 8.
O-O Be7 9. Nc3 Nxc3 10. Bxf7+ Kxf7 11. bxc3 Rf8 12. Qd2 Bg4 13. Qe3 Bxf3 14.
Qxf3+ Kg8 15. Qxc6 Rf6 16. Qe4 Re6 17. d4 Bd6 18. d5 Rg6 19. c4 Qd7 20. c5
Bxc5 21. Bb2 Re8 22. Rad1 Rg4 23. Qf3 Rf4 24. Qb3 Qf7 25. Rd2 Rf8 26. Qg3 Qf5
27. d6 cxd6 28. Kh1 Rxf2 29. Rdxf2 Bxf2 30. Rxf2 Qxf2 31. Qxf2 Rxf2 32. h3
Rxc2 33. Ba3 d5 34. Bd6 e4 35. Bf4 Rxa2 36. Kg1 d4 37. Kf1 d3 38. Ke1 Rxg2 39.
h4 b4 40. h5 b3 41. h6 g6 42. Bc1 b2 43. Bxb2 Rxb2 44. Kd1 e3 45. Kc1 e2 46.
Kxb2 e1=Q 47. Kb3 d2 48. Kc4 d1=Q 49. Kc5 Qe5+ {#R} 0-1

[Event "BCC #5"]
[Site "Boise, ID"]
[Date "2014.11.22"]
[Round "2.7"]
[White "Lang, Jamie"]
[Black "White, Matthew William"]
[Result "1-0"]
[WhiteElo "1470"]
[BlackElo "1203"]
[EventRounds "4"]
[EventCountry "USA"]

1. e4 e5 2. Nf3 Nc6 3. Bb5 Nf6 4. Nc3 d5 5. Nxe5 dxe4 6. Nxc6 Bd7 7. Nxd8 Rxd8
8. Bxd7+ Rxd7 9. Qe2 Bb4 10. O-O Bxc3 11. dxc3 O-O 12. Bg5 Re8 13. Bxf6 gxf6
14. Qg4+ {#r} 1-0

[Event "BCC #5"]
[Site "Boise, ID"]
[Date "2014.11.22"]
[Round "4.6"]
[White "Siek, Justin"]
[Black "Lang, Jamie"]
[Result "1-0"]
[WhiteElo "925"]
[BlackElo "1470"]
[EventRounds "4"]
[EventCountry "USA"]

1. e4 e5 2. Nf3 Nc6 3. Bc4 Nf6 4. d3 Be7 5. Nc3 O-O 6. O-O d6 7. h3 Na5 8. Bb3
Nxb3 9. axb3 Be6 10. Be3 b6 11. Qe2 c5 12. Ra2 a5 13. Nb5 Bd7 14. Nc3 Bc6 15.
Rd1 b5 16. Rda1 b4 17. Nd1 Bb5 18. Qd2 Qb6 19. c3 Qc7 20. c4 Bc6 21. Bg5 Ra7
22. Nh4 Rfa8 23. Nf5 Bd8 24. Qe3 a4 25. bxa4 Bxa4 26. Qf3 Bxd1 27. Rxa7 Rxa7
28. Qxd1 Rxa1 29. Qxa1 {And the rest of game was not recorded by either
player. This is the only game of the tournament in which every move is not
recorded.} {#r} 1-0

[Event "Western Idaho Open"]
[Site "Boise, ID"]
[Date "2014.12.13"]
[Round "1.104"]
[White "Woro, Eric"]
[Black "Lang, Jamie"]
[Result "1-0"]
[WhiteElo "1761"]
[BlackElo "1470"]
[EventRounds "5"]
[EventCountry "USA"]

1. e4 e5 2. Nf3 Nc6 3. Nc3 Nf6 4. d4 exd4 5. Nd5 Nxd5 6. exd5 Bb4+ 7. Bd2 Qe7+
8. Be2 Bxd2+ 9. Qxd2 Nb4 10. O-O O-O 11. Bc4 Qc5 12. Qxd4 Qxd4 13. Nxd4 b6 14.
a3 Ba6 15. Bxa6 Nxa6 16. Rfe1 Rfe8 17. Kf1 Nc5 18. b4 Ne4 19. Nb5 Nd2+ 20. Kg1
Rec8 21. Re2 Nc4 22. Rae1 Kf8 23. Re4 a6 24. Rxc4 axb5 25. Rc3 c6 26. dxc6
dxc6 27. f3 Ra7 28. Kf2 f6 29. Re6 Rac7 30. Kg3 Kf7 31. Rce3 Kf8 32. Kf4 Kf7
33. g4 h6 34. h4 Rh8 35. h5 Rg8 36. Kf5 Rd8 37. Kf4 Rg8 38. Rd6 Re8 39. Rxe8
Kxe8 40. Kf5 Kf7 41. Rd8 c5 42. Rb8 Rc6 43. Rb7+ Kf8 44. bxc5 Rxc5+ 45. Kg6
Rg5+ 46. Kh7 f5 47. Rxb6 fxg4 48. fxg4 Rxg4 49. Rxb5 Rg5 50. c4 {#r} 1-0

[Event "Western Idaho Open"]
[Site "Boise, ID"]
[Date "2014.12.13"]
[Round "2.109"]
[White "Lang, Jamie"]
[Black "White, Matthew William"]
[Result "1-0"]
[WhiteElo "1470"]
[BlackElo "1203"]
[EventRounds "5"]
[EventCountry "USA"]

1. e4 e5 2. Nf3 Nc6 3. Bb5 Nf6 4. Bxc6 dxc6 5. d3 Bg4 6. h3 Bxf3 7. Qxf3 Bb4+
8. c3 Bc5 9. Bg5 O-O 10. Bxf6 Qxf6 11. Qxf6 gxf6 12. Ke2 Rad8 13. Nd2 b5 14.
b4 Bb6 15. Nf3 c5 16. g4 h6 17. h4 cxb4 18. cxb4 Rd6 19. g5 hxg5 20. hxg5 fxg5
21. Nxg5 Rg6 22. Nf3 Bd4 23. Rac1 Rc8 24. Nxd4 exd4 25. Rh5 c6 26. Rxb5 cxb5
27. Rxc8+ Kg7 28. Rc5 Rb6 29. Rc7 Ra6 30. Rc2 Ra4 31. Rb2 Kf6 32. f4 Ke6 33.
Kf3 f5 34. e5 Ra3 35. Ke2 Kd5 36. Rc2 a6 37. Kd2 a5 38. bxa5 Rxa5 39. Kc1 Ra3
40. Rd2 b4 41. Kd1 Ke6 42. Ke2 Ra8 43. Kf3 Kd5 44. Rb2 Ra4 45. Kg3 Kc5 46. Kh4
Kd5 47. Kg5 Ke6 48. Kg6 Ra3 49. Rd2 b3 50. axb3 Rxb3 51. Rd1 Rb6 52. Rc1 Rb3
53. Rc6+ Kd5 54. Rd6+ Kc5 55. Kxf5 Rxd3 56. Rd8 Re3 57. e6 d3 {#r} 1-0

[Event "Western Idaho Open"]
[Site "Boise, ID"]
[Date "2014.12.14"]
[Round "5.106"]
[White "Lang, Jamie"]
[Black "Yang, Kevin"]
[Result "1/2-1/2"]
[WhiteElo "1470"]
[BlackElo "1487"]
[EventRounds "5"]
[EventCountry "USA"]

1. e4 e5 2. Nf3 Nc6 3. Bb5 Bc5 4. Bxc6 dxc6 5. O-O Nf6 6. Nc3 Bg4 7. h3 Bh5 8.
d3 O-O 9. g4 Nxg4 10. hxg4 Bxg4 11. Bg5 Bxf3 12. Bxd8 Bxd1 13. Bxc7 Bxc2 14.
Bxe5 Bxd3 15. Rfd1 Bc4 16. Rd7 b6 17. a3 Rfe8 18. Bf4 Re6 19. Kg2 g5 20. Bg3
a5 21. Rad1 h5 22. Rc7 h4 23. Bh2 Rf6 24. f3 g4 25. fxg4 Rf2+ 26. Kh3 Bf1+ 27.
Kxh4 Rxh2+ 28. Kg5 Bc4 29. Rxc6 Rxb2 30. Nd5 Bxd5 31. exd5 Rb5 32. a4 Be7+ 33.
Kf5 Rb4 34. d6 Bxd6 35. Rdxd6 Rxa4 36. Rxb6 Ra1 37. Rb7 a4 38. Rdd7 Rf1+ 39.
Ke4 Ra6 40. Rd8+ Kg7 41. Rdd7 a3 42. Ra7 Rff6 43. g5 Rfe6+ 44. Kf5 {#d}
1/2-1/2

[Event "Idaho Open"]
[Site "Boise, ID"]
[Date "2016.06.18"]
[Round "2.9"]
[White "Ang, Ching-E Nobel"]
[Black "Lang, Jamie"]
[Result "1/2-1/2"]
[WhiteElo "1198"]
[BlackElo "1448"]
[EventRounds "5"]
[EventCountry "USA"]

1. d4 Nf6 2. c4 e6 3. Nc3 Bb4 4. Nf3 d5 5. Bf4 O-O 6. e3 Ne4 7. Qc2 b6 8. Bd3
Bxc3+ 9. bxc3 Bb7 10. O-O Nd7 11. Ne5 Nxe5 12. Bxe5 f6 13. Bf4 g5 14. Bg3 h5
15. f3 Nxg3 16. hxg3 Qe7 17. Kf2 f5 18. Rh1 h4 19. gxh4 gxh4 20. Rag1 dxc4 21.
Bxc4 Bd5 22. Bxd5 exd5 23. g4 f4 24. Qg6+ Qg7 25. Qxg7+ Kxg7 26. Rxh4 fxe3+
27. Kxe3 Rae8+ 28. Kf2 Rh8 29. Rh5 Rxh5 30. gxh5+ Kh6 31. Rh1 c5 32. dxc5 bxc5
33. Rb1 Kxh5 34. Rb7 Ra8 35. Rd7 d4 36. cxd4 cxd4 37. Rxd4 Kg5 38. f4+ Kg4 39.
Ke3 Re8+ 40. Re4 Rf8 41. a4 Rf7 42. f5+ Kxf5 43. Rf4+ Ke6 44. Rxf7 Kxf7 45.
Kd4 Ke7 46. Kc5 Kd7 47. Kb5 Kc7 48. Ka6 Kb8 49. a5 Ka8 50. Kb5 Kb7 51. a6+ Kc7
{#d} 1/2-1/2

[Event "Idaho Open"]
[Site "Boise, ID"]
[Date "2016.06.18"]
[Round "3.8"]
[White "Lang, Jamie"]
[Black "Schwab, Kyle J"]
[Result "0-1"]
[WhiteElo "1448"]
[BlackElo "1108"]
[EventRounds "5"]
[EventCountry "USA"]

1. e4 e6 2. d4 d5 3. exd5 exd5 4. Nf3 Nf6 5. Bg5 Be7 6. Be2 O-O 7. O-O Nc6 8.
Re1 Ne4 9. Bxe7 Qxe7 10. Bd3 Bf5 11. Nfd2 Rfe8 12. f3 Qh4 13. fxe4 dxe4 14.
Bb5 Bg4 15. Qc1 e3 16. g3 Qf6 17. Rf1 Qxd4 18. Nb3 Qb6 19. Bxc6 e2+ 20. Kg2
Qxc6+ 21. Kg1 Bh3 {#R} 0-1

[Event "Idaho Open"]
[Site "Boise, ID"]
[Date "2016.06.19"]
[Round "4.10"]
[White "Siek, Justin"]
[Black "Lang, Jamie"]
[Result "1/2-1/2"]
[WhiteElo "1193"]
[BlackElo "1448"]
[EventRounds "5"]
[EventCountry "USA"]

1. e4 e5 2. Nf3 Nc6 3. d4 exd4 4. Bc4 Be7 5. Nxd4 Nf6 6. Nxc6 dxc6 7. Qxd8+
Bxd8 8. Nc3 O-O 9. O-O Be7 10. Bg5 h6 11. Bh4 Re8 12. f3 b5 13. Bb3 a5 14. a3
Ba6 15. Rfe1 b4 16. axb4 Bxb4 17. Bxf6 gxf6 18. Red1 Bxc3 19. bxc3 Bc8 20. Rd4
Re5 21. Rc4 Bd7 22. Rd4 Be6 23. Bxe6 Rxe6 24. Rc4 Rd6 25. Rca4 Rd2 26. Rxa5
Rd1+ 27. Rxd1 Rxa5 28. Rd4 Ra1+ 29. Kf2 Ra2 30. Rc4 Rxc2+ 31. Kg3 Rd2 32. Rxc6
Rd7 33. Rxf6 Kg7 34. Rc6 f6 35. Kg4 Rf7 36. Kf5 h5 37. h4 Rd7 38. Rxf6 Rd2 39.
Rc6 Rxg2 40. Rxc7+ Kh6 41. Rc6+ Kg7 42. f4 Rg4 43. Rc7+ Kf8 44. Rh7 Rxh4 45.
Kg5 Rg4+ 46. Kxh5 Rxf4 47. Rd7 Rxe4 48. Rd3 Rc4 49. Kg5 Ke7 50. Kf5 Rc5+ 51.
Ke4 Ke6 {#d} 1/2-1/2

[Event "Idaho Open"]
[Site "Boise, ID"]
[Date "2016.06.19"]
[Round "5.10"]
[White "Zaklan, David"]
[Black "Lang, Jamie"]
[Result "1/2-1/2"]
[WhiteElo "1510"]
[BlackElo "1448"]
[EventRounds "5"]
[EventCountry "USA"]

1. d4 Nf6 2. c4 e6 3. Nc3 Bb4 4. a3 Bxc3+ 5. bxc3 d5 6. c5 O-O 7. Nf3 b6 8.
cxb6 cxb6 9. Bf4 Ba6 10. Qa4 Qd7 11. Qc2 Bc4 12. Ne5 Qc7 13. Bg3 Ne4 14. Nxc4
Qxc4 15. Rc1 Rc8 16. e3 Qxc3+ 17. Qxc3 Rxc3 18. Rxc3 Nxc3 19. Bd3 Ne4 20. f3
Nxg3 21. hxg3 g6 22. Kf2 Nd7 23. Rc1 Nf6 24. Ba6 Ne8 25. Ke2 Kf8 26. Kd3 Ke7
27. a4 Kd6 28. Bb5 Nc7 29. Rc6+ Kd7 30. Rxb6+ Nxb5 31. Rxb5 Kc6 32. Rc5+ {#d}
1/2-1/2